[Event "WchT Blitz Pool C"]
[Site "London"]
[Date "2025.06.14"]
[Round "13.6"]
[White "Baktybek Kyzy, Alika"]
[Black "Kiritshenko, Platon"]
[Result "0-1"]
[WhiteElo "1590"]
[BlackElo "1587"]
[PlyCount "88"]
[EventDate "2025.06.14"]
[EventType "team-tourn"]
[EventRounds "13"]
[EventCountry "ENG"]
[SourceTitle "CB25_2025"]
[SourceDate "2025.06.18"]
[SourceVersion "1"]
[SourceVersionDate "2025.06.18"]
[SourceQuality "1"]
[WhiteTeam "KYR Youth"]
[BlackTeam "OlalaStars"]
[WhiteTeamCountry "KGZ"]
[BlackTeamCountry "EST"]

1. e4 c5 2. c3 d5 3. exd5 Qxd5 4. d4 Nf6 5. Nf3 Nc6 6. Be2 e6 7. 0-0 Be7 8. h3 cxd4 9. cxd4 0-0 10. Nc3 Qd6 11. a3 a6 12. Be3 Rd8 13. Qc2 Bd7 14. Rad1 Rac8 15. Bg5 Nd5 16. Qd2 f6 17. Be3 Nxc3 18. bxc3 Qxa3 19. Ra1 Qd6 20. Bf4 e5 21. dxe5 Qxd2 22. Bxd2 fxe5 23. Bc4+ Kh8 24. Be3 h6 25. Bd5 Bf6 26. Bb6 Re8 27. Rad1 Bf5 28. c4 e4 29. Nd2 Re5 30. f4 exf3 31. Nxf3 Ree8 32. Nh4 Bc2 33. Bf7 Bxd1 34. Bxe8 Be2 35. Re1 Rxe8 36. Ng6+ Kh7 37. Nf4 Nd4 38. Bxd4 Bxd4+ 39. Kh1 g5 40. Nxe2 Bf2 41. Rd1 Rxe2 42. Rd7+ Kg6 43. Rxb7 Rc2 44. Rb6+ Bxb6 0-1

[Event "WchT Blitz Pool C"]
[Site "London"]
[Date "2025.06.14"]
[Round "6.6"]
[White "Ziems, Michael"]
[Black "Baktybek Kyzy, Alika"]
[Result "1-0"]
[WhiteElo "1904"]
[BlackElo "1590"]
[PlyCount "121"]
[EventDate "2025.06.14"]
[EventType "team-tourn"]
[EventRounds "13"]
[EventCountry "ENG"]
[SourceTitle "CB25_2025"]
[SourceDate "2025.06.18"]
[SourceVersion "1"]
[SourceVersionDate "2025.06.18"]
[SourceQuality "1"]
[WhiteTeam "Berlin Chess Federation"]
[BlackTeam "KYR Youth"]
[WhiteTeamCountry "GER"]
[BlackTeamCountry "KGZ"]

1. d4 d5 2. c4 e6 3. Nc3 Nf6 4. Bf4 Nbd7 5. e3 c6 6. Nf3 Bb4 7. Rc1 0-0 8. Bd3 h6 9. 0-0 Re8 10. h3 Nb6 11. c5 Bxc3 12. bxc3 Nbd7 13. Qb3 Qa5 14. c4 dxc4 15. Bxc4 Nd5 16. Bh2 N7f6 17. Rfd1 Ne7 18. Ne5 Rb8 19. Nxf7 Kxf7 20. Bxb8 Ng6 21. Bd6 Ne4 22. Bh2 Qd8 23. f3 Nf6 24. Bd6 a6 25. Bh2 Qa5 26. a3 Nd7 27. Qb4 Qxb4 28. axb4 Ne7 29. e4 Nf6 30. Kf2 Nd7 31. Bd6 Nf6 32. g4 Bd7 33. h4 Nc8 34. Be5 b6 35. Bxf6 gxf6 36. Bxa6 bxc5 37. bxc5 Ne7 38. Rb1 f5 39. Rb7 Rd8 40. Bc4 fxe4 41. fxe4 Ng6 42. h5 Ne7 43. Ke3 Kg7 44. Rg1 Ng8 45. g5 Kh7 46. Bxe6 Kh8 47. Bxd7 hxg5 48. Rxg5 Nf6 49. Bxc6 Rc8 50. Bd5 Nxd5+ 51. exd5 Re8+ 52. Kd3 Rd8 53. Rgg7 Rxd5 54. Rh7+ Kg8 55. Rhc7 Rd8 56. Kc4 Kf8 57. h6 Kg8 58. Rg7+ Kh8 59. Rh7+ Kg8 60. Rbg7+ Kf8 61. Rh8# 1-0